000
00312nam a2200133Ia 4500
008
190216s9999||||xx |||||||||||||| ||und||
100
_a
De. A.K
245
3
_a
An Introduction In Chemical Thermodynamics
250
_a
1st Ed.
260
_b
Wiley Eastern Ltd
300
_a
386
650
_a
Chemistry
942
_c
BK
999
_c
2310
_d
2310